Central Library OPAC University of Rajshahi

Harvard guide to contemporary American writing / (Record no. 17222)

MARC details
000 -LEADER
fixed length control field 00821cam a2200253 i 4500
001 - CONTROL NUMBER
control field 17222
003 - CONTROL NUMBER IDENTIFIER
rucl marc code BD-RjUL
005 - DATE AND TIME OF LATEST TRANSACTION
control field 20211209000115.0
008 - FIXED-LENGTH DATA ELEMENTS--GENERAL INFORMATION
fixed length control field 140216r19811979ii 001 1 eng
035 ## - SYSTEM CONTROL NUMBER
System control number (BD-RjUL)17280
040 ## - CATALOGING SOURCE
Original cataloging agency DLC
Transcribing agency DLC
Modifying agency BD-RjUL
Language of cataloging eng
041 ## - LANGUAGE CODE
Language code of text/sound track or separate title eng
082 00 - DEWEY DECIMAL CLASSIFICATION NUMBER
Classification number 810.90054
Author mark and year HAR 1981
245 00 - TITLE STATEMENT
Title Harvard guide to contemporary American writing /
Statement of responsibility, etc. Daniel Hoffman, editor ; with essays by Leo Braudy ... [et al.].
260 ## - PUBLICATION, DISTRIBUTION, ETC. (IMPRINT)
Place of publication, distribution, etc. Bombay :
Name of publisher, distributor, etc. Oxford University Press,
Date of publication, distribution, etc. c1979 [Paberback ed. 1981].
300 ## - PHYSICAL DESCRIPTION
Pagination 618 p. ;
Size 24 cm.
500 ## - GENERAL NOTE
General note Includes index.
650 #0 - SUBJECT ADDED ENTRY--TOPICAL TERM
Topical term or geographic name as entry element American literature
Chronological subdivision 20th century
General subdivision History and criticism.
9 (RLIN) 51595
700 1# - ADDED ENTRY--PERSONAL NAME
Personal name Hoffman, Daniel,
Dates associated with a name 1923-
Personal name Braudy, Leo.
942 ## - ADDED ENTRY ELEMENTS (KOHA)
Source of classification or shelving scheme Dewey Decimal Classification
Koha item type Books
Holdings
Lost status Source of classification or shelving scheme Damaged status Not for loan Collection code Permanent Location Current Location Shelving location Date acquired Source of acquisition Total Checkouts Full call number Date last seen Copy number Koha item type
  Dewey Decimal Classification   Not For Loan Fiction Central Library, University of Rajshahi Central Library, University of Rajshahi Reading Room 24/02/1983 American Cul.   810.90054 HAR 1981 16/02/2014 C-1 Books